Consideraciones finales: aportes para la elaboración de políticas públicas /
Salvato in:
| Autore principale: | |
|---|---|
| Natura: | Libro |
| Lingua: | Spanish |
| Tags: |
Aggiungi Tag
Nessun Tag, puoi essere il primo ad aggiungerne!!
|
MARC
| LEADER | 00000nam a22000007a 4500 | ||
|---|---|---|---|
| 003 | cru CRAI/IIS | ||
| 005 | 20210208115617.0 | ||
| 008 | 210208t2009 uy |||||r|||||||| ||spa|d | ||
| 999 | |c 43590 |d 43590 | ||
| 040 | |c cru CRAI/IIS | ||
| 100 | 1 | |a Aguirre, Rosario |9 9809 |e Autora | |
| 245 | 1 | |a Consideraciones finales: |b aportes para la elaboración de políticas públicas / |c Rosario Aguirre | |
| 300 | |a páginas 205-214 | ||
| 773 | 0 | |0 42324 |9 3196 |a Aguirre, Rosario |d Montevideo, Uruguay : Instituto Nacional de Estadística, 2009 |o 10735 |t Las bases invisibles del bienestar social: |z 9789974670570 | |
| 942 | |2 ddc |c LI | ||



